<?xml version="1.0" encoding="UTF-8"?><?xml-stylesheet type="text/xsl" href="static/style.xsl"?><OAI-PMH xmlns="http://www.openarchives.org/OAI/2.0/" xmlns:xsi="http://www.w3.org/2001/XMLSchema-instance" xsi:schemaLocation="http://www.openarchives.org/OAI/2.0/ http://www.openarchives.org/OAI/2.0/OAI-PMH.xsd"><responseDate>2026-06-01T10:18:08Z</responseDate><request verb="GetRecord" identifier="oai:riuma.uma.es:10630/37687" metadataPrefix="marc">https://riuma.uma.es/rest/oai/request</request><GetRecord><record><header><identifier>oai:riuma.uma.es:10630/37687</identifier><datestamp>2026-02-03T12:55:53Z</datestamp><setSpec>com_10630_22985</setSpec><setSpec>com_10630_3139</setSpec><setSpec>com_10630_10</setSpec><setSpec>col_10630_32096</setSpec></header><metadata><record xmlns="http://www.loc.gov/MARC21/slim" xmlns:dcterms="http://purl.org/dc/terms/" xmlns:doc="http://www.lyncode.com/xoai" xmlns:xsi="http://www.w3.org/2001/XMLSchema-instance" xsi:schemaLocation="http://www.loc.gov/MARC21/slim http://www.loc.gov/standards/marcxml/schema/MARC21slim.xsd">
   <leader>00925njm 22002777a 4500</leader>
   <datafield ind2=" " ind1=" " tag="042">
      <subfield code="a">dc</subfield>
   </datafield>
   <datafield ind2=" " ind1=" " tag="720">
      <subfield code="a">Abalo Paulos, Jesica María</subfield>
      <subfield code="e">author</subfield>
   </datafield>
   <datafield ind2=" " ind1=" " tag="260">
      <subfield code="c">2024-12</subfield>
   </datafield>
   <datafield ind2=" " ind1=" " tag="520">
      <subfield code="a">El proyecto DUAL-DIG investiga las prácticas de tutorización en los programas de formación dual universitaria en España, que combinan formación académica y experiencia profesional, promoviendo la colaboración entre universidades y empresas. Asimismo, busca identificar buenas prácticas, necesidades formativas de tutores y proponer mejoras que conecten eficazmente entornos académicos y laborales, contribuyendo a la profesionalización y futuras investigaciones en este incipiente modelo educativo.</subfield>
   </datafield>
   <datafield ind1="8" ind2=" " tag="024">
      <subfield code="a">Abalo Paulos, J. M. (2024). La tutoría en las prácticas de títulos universitarios duales: una investigación en desarrollo. Revista Practicum, 9(2), 100–101. https://doi.org/10.24310/rep.9.2.2024.20978</subfield>
   </datafield>
   <datafield ind1="8" ind2=" " tag="024">
      <subfield code="a">https://hdl.handle.net/10630/37687</subfield>
   </datafield>
   <datafield ind1="8" ind2=" " tag="024">
      <subfield code="a">10.24310/rep.9.2.2024.20978</subfield>
   </datafield>
   <datafield tag="653" ind2=" " ind1=" ">
      <subfield code="a">Relaciones universidad-empresa</subfield>
   </datafield>
   <datafield tag="653" ind2=" " ind1=" ">
      <subfield code="a">Profesores - Formación profesional</subfield>
   </datafield>
   <datafield ind2="0" ind1="0" tag="245">
      <subfield code="a">La tutoría en las prácticas de títulos universitarios duales: una investigación en desarrollo.</subfield>
   </datafield>
</record>
</metadata></record></GetRecord></OAI-PMH>